LEADER 01102nam a2200277 i 4500 001 000000148102 003 CaOOAMICUS 005 20060310000000.0 008 060310s1979 it u000 u ita u 013 $a125417 040 $aSeMil$bita 100 1 $aDel Monte, Alberto.$0(OLS)http://semarc/name/37469 245 10$aRetorica, stilistica, versificazione :$bintroduzione allo studio della letteratura /$cAlberto Del Monte. 250 $aRistampa. 260 $aTorino :$bLoescher,$c1979. 300 $a178 p. ;$c22 cm. 500 $aFondo Ciprandi. 650 4$aMetrica.$0(OLS)http://semarc/subject/3171 650 4$aRetorica.$0(OLS)http://semarc/subject/2202 650 4$aStilistica.$0(OLS)http://semarc/subject/8784 850 $aSeMil 852 $aSeMil$W1$xVenegono$y1$m1C IV 83$j100561$B100561$CSeMilBibl$Z2$F109677 $81 941 1 $a1 961 $aOmaggio: Ciprandi dott. Paolo 996 $6245$aRetorica, stilistica, versificazione :$bintroduzione allo studio della letteratura$9(OLS)http://semarc/title/216500 996 $6260$aTorino :$bLoescher$9(OLS)http://semarc/publisher/30450 LEADER 00975nam a2200229 i 4500 001 000000166000 003 CaOOAMICUS 005 20071103000000.0 008 071103s1964 it u000 u ita u 013 $a143368 040 $aSeMil$bita 100 1 $aPietrobono, Luigi,$d<1863-1960>.$0(OLS)http://semarc/name/8596 245 13$aIl Canto 22. dell'Inferno /$cLuigi Pietrobono. 260 $aTorino ; Genova [etc.] :$bSocietà Editrice Internazionale,$c1964. 300 $a31 p. ;$c23 cm. 490 0 $aLectura Dantis Romana 650 4$aLectura Dantis - Inferno - Canto 22.$0(OLS)http://semarc/subject/31521 830 0$aLectura Dantis Romana.$0(OLS)http://semarc/title/24564 850 $aSeMil 852 $aSeMil$W1$xVenegono$y1$m1N II 122$j117171$B117171$CSeMilBibl$Z2$F127980 $81 996 $6245$aIl Canto 22. dell'Inferno$9(OLS)http://semarc/title/237075 996 $6260$aTorino ; Genova [etc.] :$bSocietà Editrice Internazionale$9(OLS)http://semarc/publisher/31868 LEADER 00933nam a2200181 i 4500 001 000000253442 003 CaOOAMICUS 005 20170323000000.0 008 170323s1762 xx u000 u fre u 013 $a232347 026 $an.ur sees usla mepa (3) 1762 (R) 040 $aSeMil$bita 245 10$aTome 2. 300 $a[4], 374 p. 773 0 $aFenelon, François $tAventures de Télémaque, fils d'Ulysse, par feu messire François de Salignac, de la Motte Fenelon, précepteur de messeigneurs les enfans de France, & depuis archevéque duc de Cambrai ... Tome 1. [-2.].$bNouvelle édition corrigée plus exactement que toutes les précédentes, & enrichie de Figores en Taille-douce.$dA Lausanne : Chez François Grasset, l'aîné, 1762.$g2$w()12718 850 $aSeMil 852 $aSeMil$W1$xVenegono$y1$m1P I 28 FA$j203788$B203788$CSeMilBibl$Z2$F217190 $8I 996 $6245$aTome 2$9(OLS)http://semarc/title/1533 LEADER 01218nam a2200241 4500 001 000000358132 003 CaOOAMICUS 005 20240423144517.0 008 240423s1938 it a 000 u ita r 040 $aSeMil$bita 100 1 $aVentura, Vittorio.$0(OLS)http://semarc/name/119598 245 10$aStudio anatomo-clinico di un caso di sclerosi laterale amiotrofica del tipo di bulbo-spinale di lunghissima durata /$cDr. Vittorio Ventura. 264 1$aPisa :$bIndustrie grafiche V. Lischi e figli,$c1938. 300 $a50 p. ;$c24 cm 500 $aEstratto da: Neopsichiatria vol. 4., Fasc. 4 - 1938 500 $aIn testa al front : R. Clinica delle malattie del sistema nervoso - Pisa 650 4$aMedicina.$0(OLS)http://semarc/subject/3896 650 4$aNeurologia.$0(OLS)http://semarc/subject/1544 850 $aSeMil 852 $aSeMil$W1$xVenegono$y1$m5B VI 7/13$j247784$B249248$CSeMilBibl$Z2$F249248 $81 996 $6245$aStudio anatomo-clinico di un caso di sclerosi laterale amiotrofica del tipo di bulbo-spinale di lunghissima durata$9(OLS)http://semarc/title/448416 996 $6264$aPisa :$bIndustrie grafiche V. Lischi e figli$9(OLS)http://semarc/publisher/61702 LEADER 01354nam a2200241 i 4500 001 000000054028 003 CaOOAMICUS 005 20100914000000.0 008 100914s1937 xx u000 u lat u 013 $a25200 040 $aSeMil$bita 100 1 $aRogers, Gerardus M.$0(OLS)http://semarc/name/26803 245 10$aReformatio Cleri in Conciliis Provincialibus Scotiae :$bsaec. 16. tentata, ejusque relatio cum Legislatione Concilii Tridentini sess. 6.-7 /$cPontificia Universitas Gregoriana ; Gerardus M. Rogers. 260 $aRoma :$bCasa editrice Mediterranea,$c1937. 300 $a41 p. ;$c25 cm. 500 $aContiene : Bibliographia. - In mezzo al front : Excerpta ex Dissertatione ad Lauream in Facultate Juris Canonici Pontificiae Universitatis Gregorianae. 650 4$aScozia.$0(OLS)http://semarc/subject/11091 650 4$aTesi di laurea.$0(OLS)http://semarc/subject/1690 710 2 $aPontificia Università Gregoriana .$0(OLS)http://semarc/name/5 850 $aSeMil 852 $aSeMil$W1$xVenegono$y1$m2I I 270$j20182$B20182$CSeMilBibl$Z2$F20184 $81 996 $6245$aReformatio Cleri in Conciliis Provincialibus Scotiae :$bsaec. 16. tentata, ejusque relatio cum Legislatione Concilii Tridentini sess. 6.-7$9(OLS)http://semarc/title/83494 996 $6260$aRoma :$bCasa editrice Mediterranea$9(OLS)http://semarc/publisher/34160 LEADER 00778nam a2200181 i 4500 001 000000242647 003 CaOOAMICUS 005 20150610000000.0 008 150610s1809 it u000 u ita u 013 $a221552 026 $asier nala l-so (IDe (3) 1809 (A) 040 $aSeMil$bita 245 10$aTomo 3. 300 $a[2], 252 p. 773 0 $tSoliloqui divotissimi di N. S. Gesù Cristo proposti per esercizio di affettuosa orazione particolarmente nell'assistenza al sacrificio della Santa Messa. Traduzione dal francese di Francesco Pertusati. Tomo 1. [-4.].$dMilano : Presso Pirotta e Maspero, 1809.$g3$w()32024 850 $aSeMil 852 $aSeMil$W1$xVenegono$y1$m3F II 195 FA$j192993$B192993$CSeMilBibl$Z2$F203743 $8I 996 $6245$aTomo 3$9(OLS)http://semarc/title/53129